000 005200000a22001690004500
090 _aAR
_b00459
245 1 0 _aSeasonal use of brush piles by the hispid cotton rat (<Sigmodon hispidus>)
650 1 4 _aRoedores
_97408
650 1 4 _aDistribución
_992865
650 1 4 _aDinámica poblacional
_9608
653 _gSigmodon
_eSigmodon hispidus
041 0 _aInglés
700 1 _aSlade, Norman A.
_993337
100 1 _aSwihart, Robert K.
_993416
942 _cARTICULO
773 1 _tJournal of Mammalogy
_3106
_h3
_q577-580
_d1985
_g66
999 _c9555
_d9555